000
00330nam a22001337a 4500
020
_a
9788174357267
082
_a
340.59 NYA
100
_a
Nayazee , Imran Ahsan Khan
245
_a
Theories Of Islamic Law
260
_a
New Delhi
_b
Adam Publishers & Distributors
_c
2014
300
_a
334 P
650
_a
Islamic Law
942
_c
BK
999
_c
19812
_d
19812